Statistics for Major Dependencies

Click here to take the quiz!

General Stats

  • This quiz has been taken 8 times
  • The average score is 26 of 44

Answer Stats

Owned ByAnswer% Correct
NetherlandsAruba
100%
UKBritish Virgin Islands
100%
DenmarkFaroe Islands
100%
USAU.S. Virgin Islands
100%
USAAmerican Samoa
86%
NetherlandsCuracao
86%
DenmarkGreenland
86%
USAGuam
86%
ChinaHong Kong
86%
ChinaMacau
86%
USAPuerto Rico
86%
FranceSaint Martin
86%
UKCayman Islands
71%
AustraliaChristmas Island
71%
New ZealandCook Islands
71%
UKFalkland Islands
71%
UKMontserrat
71%
USANorthern Mariana Islands
71%
MorrocoWestern Sahara
71%
FinlandÅland
57%
UKBermuda
57%
UKIsle of Man
57%
AustraiaNorfolk Island
57%
TurkeyNorthern Cyprus
57%
GeorgiaSouth Ossetia
57%
FranceWallis and Futuna
57%
GeorgiaAbkhazia
43%
UKAnguilla
43%
UKGibraltar
43%
UKJersey
43%
FranceNew Caledonia
43%
New ZealandNiue
43%
FranceSaint Barthélemy
43%
NetherlandsSint Maarten
43%
New ZealandTokelau
43%
MoldovaTransnistria
43%
AzerbaijanArtsakh
29%
AustraliaCocos Islands
29%
FranceFrench Polynesia
29%
UKGuernsey
29%
UKPitcairn Islands
29%
FranceSaint Pierre and Miquelon
29%
UKTurks and Caicos Islands
29%
UKSaint Helena, Ascension and Tristan da Cunha
0%

Score Distribution

Percentile by Number Answered

Percent of People with Each Score

Your Score History

You have not taken this quiz